Miért emigrált Szent-Györgyi Albert? Rákosi volt az ok.

Elmentve itt :
Bibliográfiai részletek
Szerző: Tasiné Csúcs Ildikó
Dokumentumtípus: Cikk
Megjelent: Magyar Hivatalos Közlönykiadó, Tudományos Ismeretterjesztő Társulat 2023-02
Sorozat:Természet Világa:Természettudományi közlöny 154 No. 2
Kulcsszavak:Szent-Györgyi Albert, emigráció, Rákosi Mátyás, Ráth István, Zilahy Lajos, Hóman Bálint, Klebelsberg Kuno, Malinovszkj marsal, Gerő Ernő, Ideiglenes Nemzetgyűlés, Nemzetgyűlés, Servita Rt, penicillin antibiotikum, Keresztury Dezső, Kis Ujság, eltűnés, Nagy Ferenc miniszterelnök, feketetőzsde, Dinnyés Lajos miniszterelnök, Gordon Ferenc követ, Svájc, Gombás Pál, köztársaságellenes összeesküvés
Online Access:http://misc.bibl.u-szeged.hu/76073
LEADER 01194nab a2200193 i 4500
001 misc76073
005 20250926143047.0
008 250926s2023 hu o 000 hun d
022 |a 0040-3717 
040 |a SZTE Miscellanea Repozitórium  |b hun 
041 |a hun 
100 2 |a Tasiné Csúcs Ildikó 
245 1 0 |a Miért emigrált Szent-Györgyi Albert? Rákosi volt az ok.  |h [elektronikus dokumentum] /  |c  Tasiné Csúcs Ildikó 
260 |a Magyar Hivatalos Közlönykiadó, Tudományos Ismeretterjesztő Társulat  |c 2023-02 
300 |a 73-79 
490 0 |a Természet Világa:Természettudományi közlöny  |v 154 No. 2 
561 |a Szent-Györgyi Albertről szóló irodalom 
695 |a Szent-Györgyi Albert, emigráció, Rákosi Mátyás, Ráth István, Zilahy Lajos, Hóman Bálint, Klebelsberg Kuno, Malinovszkj marsal, Gerő Ernő, Ideiglenes Nemzetgyűlés, Nemzetgyűlés, Servita Rt, penicillin antibiotikum, Keresztury Dezső, Kis Ujság, eltűnés, Nagy Ferenc miniszterelnök, feketetőzsde, Dinnyés Lajos miniszterelnök, Gordon Ferenc követ, Svájc, Gombás Pál, köztársaságellenes összeesküvés 
856 4 0 |u http://misc.bibl.u-szeged.hu/76073/1/tremvil_02_02.pdf  |z Dokumentum-elérés